书目信息 |
| 题名: |
创新教育背景下的体育教学发展探索
|
|
| 作者: | 李景丽 著 | |
| 分册: | ||
| 出版信息: | 南京 南京出版社 2022.04 |
|
| 页数: | 225页 | |
| 开本: | 24cm | |
| 丛书名: | ||
| 单 册: | ||
| 中图分类: | G807.01 | |
| 科图分类: | ||
| 主题词: | 体育教学--ti yu jiao xue--教学研究 | |
| 电子资源: | ||
| ISBN: | 978-7-5533-3471-4 | |
| 000 | 01161nam0 2200253 450 | |
| 001 | 012001000695 | |
| 005 | 20140131163837.0 | |
| 010 | @a978-7-5533-3471-4@dCNY73.00 | |
| 099 | @aCAL 012022046927 | |
| 100 | @a20220905d2022 em y0chiy50 ea | |
| 101 | 0 | @achi |
| 102 | @aCN@b320000 | |
| 105 | @aa a 000yy | |
| 106 | @ar | |
| 200 | 1 | @a创新教育背景下的体育教学发展探索@Achuang xin jiao yu bei jing xia de ti yu jiao xue fa zhan tan suo@f李景丽著 |
| 210 | @a南京@c南京出版社@d2022.04 | |
| 215 | @a225页@c图@d24cm | |
| 320 | @a有书目 (第224-225页) | |
| 330 | @a本书以创新教育理念为指导重点研究体育教学的创新与发展, 在调查与分析体育教学发展现状的基础上, 重点研究了体育教学内容、体育教学方法、体育教学模式、体育教学主体、体育教学管理等各个方面的创新与发展, 同时还研究与讨论了保障以上各个方面顺利发展的内容体系, 通过这些内容的研究能构建一个健全与完善的体育教学体系, 从而推动我国体育教学的健康发展。本书旨在为教育部门、教育机构和体育教师制定体育教学规划提供参考和指导。 | |
| 606 | 0 | @a体育教学@Ati yu jiao xue@x教学研究 |
| 690 | @aG807.01@v5 | |
| 701 | 0 | @a李景丽@Ali jing li@4著 |
| 801 | 0 | @aCN@bAHXH@c20221111 |
| 905 | @b1364859-63@dG807.01@e2016@f5 | |
| 创新教育背景下的体育教学发展探索/李景丽著.-南京:南京出版社,2022.04 |
| 225页:图;24cm |
| ISBN 978-7-5533-3471-4:CNY73.00 |
| 本书以创新教育理念为指导重点研究体育教学的创新与发展, 在调查与分析体育教学发展现状的基础上, 重点研究了体育教学内容、体育教学方法、体育教学模式、体育教学主体、体育教学管理等各个方面的创新与发展, 同时还研究与讨论了保障以上各个方面顺利发展的内容体系, 通过这些内容的研究能构建一个健全与完善的体育教学体系, 从而推动我国体育教学的健康发展。本书旨在为教育部门、教育机构和体育教师制定体育教学规划提供参考和指导。 |
| ● |
| 相关链接 |
|
|
|
|
正题名:创新教育背景下的体育教学发展探索
索取号:G807.01/2016
 
预约/预借
| 序号 | 登录号 | 条形码 | 馆藏地/架位号 | 状态 | 备注 |
| 1 | 1364859 | 213648597 | 第一样本阅览室/ [索取号:G807.01/2016] | 在馆 | |
| 2 | 1364860 | 213648604 | 教育系资料室/ [索取号:G807.01/2016] | 在馆 | |
| 3 | 1364861 | 213648613 | 教育系资料室/ [索取号:G807.01/2016] | 在馆 | |
| 4 | 1364862 | 213648622 | 第四借阅区/ [索取号:G807.01/2016] | 在馆 | |
| 5 | 1364863 | 213648631 | 第四借阅区/ [索取号:G807.01/2016] | 在馆 |